The radon transform and local tomography /

Bibliographic Details
Main Author: Ramm, A. G. (Alexander G.)
Other Authors: Katsevich, A. I. (Alexander I.)
Format: Book
Language:English
Published: Boca Raton : CRC Press, [1996]
Subjects:

MARC

Tag First Indicator Second Indicator Subfields
LEADER 00000cam a2200000 a 4500
001 in00001309213
005 20151005060454.0
008 960117s1996 flua b 001 0 eng
010 |a  96002194  
020 |a 0849394929 (alk. paper) 
035 |a (OCoLC)34117361 
035 |9 AHB2559AM 
040 |a DLC  |c DLC  |d TXA  |d UtOrBLW 
049 |a TXAM 
050 0 0 |a QA649  |b .R36 1996 
082 0 0 |a 515/.723  |2 20 
100 1 |a Ramm, A. G.  |q (Alexander G.) 
245 1 4 |a The radon transform and local tomography /  |c A.G. Ramm, A.I. Katsevich. 
264 1 |a Boca Raton :  |b CRC Press,  |c [1996] 
264 4 |c ©1996 
300 |a xviii, 485 pages :  |b illustrations ;  |c 24 cm. 
336 |a text  |b txt  |2 rdacontent 
337 |a unmediated  |b n  |2 rdamedia 
338 |a volume  |b nc  |2 rdacarrier 
504 |a Includes bibliographical references (pages 458-475) and index. 
650 0 |a Radon transforms. 
650 0 |a Tomography  |x Mathematics. 
700 1 |a Katsevich, A. I.  |q (Alexander I.) 
999 |a MARS 
999 f f |s e78b361a-eacd-3645-b502-826e49c5c3e5  |i cfd697b4-d321-315f-9651-6f8b5e001fd5  |t 0 
952 f f |p normal  |a Texas A&M University  |b College Station  |c Sterling C. Evans Library  |d Evans: Library Stacks  |t 0  |e QA649 .R36 1996  |h Library of Congress classification  |i unmediated -- volume  |m A14820099270 
998 f f |a QA649 .R36 1996  |t 0  |l Evans: Library Stacks